01600nam a2200409 a 450000100080000000500110000800800410001910000170006024500810007726001280015830000140028649000410030052003590034165000160070065000210071665000150073765000260075265000190077865000180079765000180081565000160083365000340084965000200088365000210090365000310092465000250095565000150098065300180099565300090101365300240102265300240104665300180107065300260108865300250111465300320113965300190117115048942026-04-29 2000 bl uuuu u00u1 u #d1 aBERGO, C. L. aLinhagens de café promissoras para o estado do Acre.h[electronic resource] aIn: SEMINÁRIO PERSPECTIVAS DA CULTURA DO CAFÉ NA AMAZÔNIA, 2000, Ji-Paraná. Anais. Porto Velho: Embrapa Rondôniac2000 ap. 85-90. a(Embrapa Rondônia. Documentos, 50). aDentre os principais problemas enfrentados pela cafeicultura no estado do Acre, destaca-se a necessidade de cultivares produtivas e adaptadas às condições edafoclimáticas locais. A Embrapa vem desenvolvendo trabalhos de introdução, avaliação e caracterização de linhagens para o estado do Acre que permitam indicar três linhagens para cultivo. aAcclimation aAgronomic traits aCrop yield aEnvironmental factors aVariety trials aAclimatação aCafé Catuaí aCafé Icatu aCaracterísticas Agronômicas aCoffea Arábica aCoffea Canephora aComportamento de Variedade aCondição Ambiental aRendimento aAclimatación aAcre aAmazonia Occidental aAmazônia Ocidental aCafé Conilon aEnsayos de variedades aFactores ambientales aRendimiento de los cultivos aWestern Amazon